Guess the Fusion Rock Song Lyrics #344 - Statistics

General Stats
  • This quiz has been taken 13 times
  • The average score is 131 of 238
Answer Stats
Answer % Correct
a
100%
A
100%
the
100%
I
91%
in
91%
of
91%
to
91%
All
82%
and
82%
And
82%
for
82%
From
82%
He
82%
he
82%
it
82%
my
82%
no
82%
on
82%
you
82%
As
73%
as
73%
Can
73%
can't
73%
go
73%
going
73%
got
73%
I'm
73%
I've
73%
out
73%
said
73%
she
73%
that
73%
this
73%
way
73%
what
73%
When
73%
where
73%
But
64%
found
64%
her
64%
I'll
64%
make
64%
She's
64%
takes
64%
these
64%
was
64%
about
55%
Ain't
55%
eyes
55%
far
55%
feel
55%
find
55%
gone
55%
had
55%
him
55%
up
55%
coming
45%
down
45%
LA
45%
tell
45%
those
45%
told
45%
back
36%
big
36%
diesel
36%
dreams
36%
home
36%
needs
36%
rain
36%
Ronnie Milsap
36%
someone
36%
woman
36%
bright
27%
cab
27%
called
27%
calling
27%
climbed
27%
face
27%
falling
27%
hold
27%
hurting
27%
keep
27%
Keeps
27%
lights
27%
matter
27%
Mountain
27%
name
27%
running
27%
searching
27%
Smoky
27%
somewhere
27%
belong
18%
burn
18%
change
18%
Gatlinburg
18%
Knoxville
18%
lonely
18%
outside
18%
phone
18%
tears
18%
thumbed
18%
waved
18%
wet
18%
wheels
18%
wiped
18%
blame
9%
booth
9%
cafe
9%
cold
9%
filled
9%
letting
9%
warm
9%
No matching quizzes found
Score Distribution
Percent of People with Each Score
Percentile by Number Answered
Your Score History
You have not taken this quiz